[Event "zt 1.1"]
[Site "Mondariz ESP"]
[Date "2000.09.04"]
[Round "2"]
[White "Miles,A"]
[Black "Moreno,J"]
[Result "1-0"]
[WhiteElo "2584"]
[BlackElo "2515"]

1.c4 Nf6 2.Nf3 g6 3.Nc3 Bg7 4.e4 d6 5.d4 O-O 6.Be2 e5 7.O-O Na6 8.Bg5 Qe8
9.Bxf6 Bxf6 10.c5 dxc5 11.dxe5 Bxe5 12.Bxa6 Bxc3 13.bxc3 bxa6 14.Qd5 c6 15.Qc4 Qe6
16.Qa4 Rb8 17.h3 c4 18.Rfe1 c5 19.Rad1 Bb7 20.Qa3 Rbc8 21.Nh2 f5 22.exf5 Qc6
23.f3 Rxf5 24.Qc1 Rf7 25.Qg5 h5 26.Qg3 Rg7 27.Rd6 Qc7 28.Ree6 g5 29.Rg6  1-0

[Event "zt 1.1"]
[Site "Mondariz ESP"]
[Date "2000.09.05"]
[Round "3"]
[White "Conquest,S"]
[Black "Miles,A"]
[Result "1/2-1/2"]
[WhiteElo "2529"]
[BlackElo "2584"]

1.d4 d5 2.c4 c6 3.Nc3 Nf6 4.e3 a6 5.Qc2 Bg4 6.Nge2 Bxe2 7.Bxe2 e6 8.O-O Nbd7
9.Rd1 Be7 10.e4 dxe4 11.Nxe4 Nxe4 12.Qxe4 O-O 13.Bf4 Re8 14.Rd3 Nf6 15.Qe5 Nd7
16.Qh5 g6 17.Qf3 Bg5 18.Bg3 Bh4 19.Bf4 Bg5 20.Bg3  1/2-1/2

[Event "zt 1.1"]
[Site "Mondariz ESP"]
[Date "2000.09.07"]
[Round "5"]
[White "Degraeve,JM"]
[Black "Miles,A"]
[Result "1/2-1/2"]
[WhiteElo "2540"]
[BlackElo "2584"]

1.e4 Nf6 2.e5 Nd5 3.d4 d6 4.Nf3 dxe5 5.Nxe5 c6 6.Be2 Nd7 7.Nf3 g6 8.c4 Nc7
9.Nc3 Bg7 10.O-O O-O 11.Bf4 c5 12.d5 e5 13.Bg5 f6 14.Be3 Rf7 15.a3 Bf8 16.Rb1 Ne8
17.b4 b6 18.Nd2 Nd6 19.Nde4 Nf5 20.d6 Bb7 21.bxc5 Nxe3 22.fxe3 f5 23.c6 Bxc6
24.c5 Rg7 25.Bb5 Qc8 26.Qb3+ Kh8 27.Ng5 Nxc5 28.Nf7+ Kg8 29.Nh6+ Kh8 30.Nf7+ Kg8
31.Nh6+  1/2-1/2

[Event "zt 1.1"]
[Site "Mondariz ESP"]
[Date "2000.09.10"]
[Round "7"]
[White "Nataf,IA"]
[Black "Miles,A"]
[Result "1/2-1/2"]
[WhiteElo "2526"]
[BlackElo "2584"]

1.e4 Nc6 2.d4 e5 3.Nf3 exd4 4.Nxd4 Bb4+ 5.c3 Bc5 6.Nxc6 bxc6 7.Bd3 Ne7 8.h4 O-O
9.h5 h6 10.Bxh6 gxh6 11.Qg4+ Kh8 12.Qf4 Bxf2+ 13.Qxf2 Ng8 14.Nd2 Qf6 15.Nf3 d6
16.O-O-O Be6 17.a3 c5 18.e5 Qg7 19.g4 Rad8 20.exd6 cxd6 21.Rdg1 Qf6 22.Qg3 Bd5
23.Rf1 Rde8 24.g5 hxg5 25.Nxg5 Qh6 26.Rhg1 f6 27.Qxd6 Bf7 28.Kb1 fxg5 29.Qxc5 Rd8
30.Bc2 Rd5 31.Qxa7 Qg7 32.Bb3 Nf6 33.Qb6 Nd7 34.Qc7 Rb5 35.Bxf7 Rxf7 36.Qc8+ Qg8
37.Qc6 Rb6 38.Qc4 Nf6 39.Qd4 Qb8 40.Rf2 Rd7 41.Qe3 Nh7 42.c4 Rb3 43.Qc5 Qd6
44.Qxd6 Rxd6 45.c5 Rc6 46.Ka2 Re3 47.b4 Ra6 48.b5 Ra5 49.a4 Rxa4+ 50.Kb1 Rb4+
51.Rb2 Reb3 52.Rg2 Nf6 53.b6 Ne4 54.Rxb3 Rxb3+ 55.Ka2 Rb5 56.Rg4 Nc3+ 57.Ka3 Nb1+
58.Ka2 Nc3+ 59.Ka3 Nb1+ 60.Ka2 Nc3+  1/2-1/2

[Event "zt 1.1"]
[Site "Mondariz ESP"]
[Date "2000.09.11"]
[Round "8"]
[White "Miles,A"]
[Black "Nijboer,F"]
[Result "1-0"]
[WhiteElo "2584"]
[BlackElo "2537"]

1.Nf3 Nf6 2.c4 g6 3.b4 Bg7 4.Bb2 O-O 5.g3 c6 6.Bg2 Qb6 7.a3 d6 8.O-O a5 9.Bd4 Qc7
10.d3 Nbd7 11.Nbd2 e5 12.Bb2 d5 13.cxd5 cxd5 14.e4 b5 15.Rc1 Qb8 16.bxa5 dxe4
17.Nxe4 Rxa5 18.Bc3 Ra6 19.Bb4 Re8 20.Qb3 Nxe4 21.dxe4 Nb6 22.Ng5 Nc4 23.a4 h6
24.axb5 Qxb5 25.Qxc4 Qxc4 26.Rxc4 hxg5 27.Bd2 Ra2 28.Bxg5 Ba6 29.Rc7 Bxf1
30.Bxf1 Ra1 31.Kg2 f6 32.Bc4+ Kh8 33.Be3 Rd8 34.h4 Raa8 35.Bf7 Kh7 36.h5 gxh5
37.Bxh5 Rac8 38.Re7 Kh8 39.Bg4 Re8 40.Rb7 Rb8 41.Rc7 Kg8 42.Bd7 Red8 43.Kf3 Rb4
44.Be6+ Kh8 45.Bc5 Ra4 46.Kg4 Kh7 47.Bf5+ Kh8 48.Kh5 Rc4 49.Be6 Rxe4 50.Kg6 Rg8
51.f3  1-0

[Event "zt 1.1"]
[Site "Mondariz ESP"]
[Date "2000.09.13"]
[Round "10"]
[White "Chuchelov,V"]
[Black "Miles,A"]
[Result "0-1"]
[WhiteElo "2535"]
[BlackElo "2584"]

1.Nf3 Nf6 2.c4 c6 3.d4 d5 4.Nc3 dxc4 5.a4 Bf5 6.e3 e6 7.Bxc4 Bb4 8.O-O Nbd7
9.Nh4 Bg4 10.f3 Bh5 11.g3 Nd5 12.Qb3 Qb6 13.Bd2 Be7 14.Ng2 Bg6 15.a5 Qxb3
16.Bxb3 Nb4 17.e4 e5 18.dxe5 Nxe5 19.Be3 f6 20.Nf4 Bf7 21.Bxf7+ Kxf7 22.Ra4 Rhd8
23.Kg2 Nc2 24.Bc1 Bc5 25.b3 Bb4 26.Nb1 g5 27.Ne2 Rd3 28.f4 gxf4 29.Bxf4 Rxb3
30.Kh1 Re8 31.Nd2 Rd3 32.Rc1 Bxd2 33.Rxc2 Bxf4 34.gxf4 Nf3 35.Rb2 Re7 36.Kg2 Nh4+
37.Kg1 c5 38.Rc4 Nf3+ 39.Kg2 Nd2 40.Rxc5 Nxe4 41.Rcb5 Nd6 42.Rc5 Kg6 43.Ng3 a6
44.Rb6 Rd7 45.Kh3 Rd4 46.Ne2 Ne4 47.Re5 Ra4 48.Ng3 Nf2+ 49.Kg2 Nd3 50.f5+ Kg5
51.Re8 Nf4+ 52.Kf1 Rd1+ 53.Re1 Rxe1+ 54.Kxe1 Nd3+ 55.Kd2 Nc5 56.Kc3 h5 57.Rb4 Ra3+
58.Kc4 Rxa5 59.Rb6 h4 60.Ne2 Ne4 61.Nd4 Kf4 62.Kb3 Rd5  0-1

[Event "34th Olympiad"]
[Site "Istanbul TUR"]
[Date "2000.10.30"]
[Round "3"]
[White "Miles,A"]
[Black "Barua,D"]
[Result "1/2-1/2"]
[WhiteElo "2584"]
[BlackElo "2502"]

1.Nf3 d5 2.b3 Bf5 3.Bb2 e6 4.d3 h6 5.Nbd2 Nf6 6.g3 Bc5 7.Bg2 O-O 8.O-O c6
9.c4 Nbd7 10.a3 a5 11.Ra2 Bh7 12.Qa1 b5 13.Ne5 Nxe5 14.Bxe5 Rc8 15.Rc2 bxc4
16.bxc4 Qe7 17.Nb3 Bb6 18.Nd4 Ng4 19.Bxg7 Rfe8 20.cxd5 cxd5 21.Nc6 Qb7 22.Bd4  1/2-1/2

[Event "34th Olympiad"]
[Site "Istanbul TUR"]
[Date "2000.11.02"]
[Round "6"]
[White "Schandorff,L"]
[Black "Miles,A"]
[Result "1/2-1/2"]
[WhiteElo "2520"]
[BlackElo "2584"]

1.Nf3 Nf6 2.c4 c6 3.Nc3 d5 4.d4 dxc4 5.a4 Bf5 6.Ne5 Nbd7 7.Nxc4 e6 8.f3 h6
9.e4 Bh7 10.Be3 Nb6 11.Nd2 a5 12.Be2 Bb4 13.O-O O-O 14.Qb3 Nfd7 15.Rfd1 Qe7
16.Nc4 Nxc4  1/2-1/2

[Event "XIII Carlos Torre Open"]
[Site "Merida MEX"]
[Date "2000.12.18"]
[Round "5"]
[White "Mikhalevski,V"]
[Black "Miles,A"]
[Result "0-1"]
[WhiteElo "2532"]
[BlackElo "2584"]

1.d4 d6 2.Nf3 Bg4 3.c4 Bxf3 4.exf3 e6 5.Nc3 Nd7 6.d5 e5 7.f4 exf4 8.Bxf4 Ngf6
9.Bd3 Be7 10.O-O O-O 11.Be3 Re8 12.f4 Nc5 13.Bc2 a5 14.g4 Bf8 15.Qf3 Rxe3
16.Qxe3 Nxg4 17.Qf3 Nf6 18.Kh1 g6 19.Qg2 Bg7 20.Rae1 Qd7 21.f5 Rf8 22.Re3 Qd8
23.fxg6 hxg6 24.b3 Ncd7 25.Nb5 Ne5 26.Nd4 Qd7 27.Rg3 Ne8 28.h3 Qe7 29.Qe4 Qd8
30.Qf4 Qf6 31.Qxf6 Nxf6 32.Nb5 Rc8 33.Rfg1 Nh5 34.Re3 Bh6 35.Re2 Nf4 36.Ree1 Nf3
37.Re7 Nxg1 38.Kxg1 Kf8 39.Rd7 Re8 40.Kf1 Re2 41.Bd1 Rd2 42.Bf3 Bg5 43.Rxc7 Bh4
44.Nxd6 Rf2+ 45.Ke1 Rxf3+ 46.Kd2 Be7 47.Nb5 Bb4+ 48.Kc2 Rf2+ 49.Kb1 b6 50.Rb7 Bc5
51.h4 Nd3 52.d6 Rb2+ 53.Ka1 Rd2 54.Kb1 Nf4 55.Kc1 Be3 56.Kb1 Ne6 57.Nc7 Rxd6
58.Rb8+ Nd8 59.Nd5 Bd4  0-1

[Event "XIII Carlos Torre Open"]
[Site "Merida MEX"]
[Date "2000.12.19"]
[Round "6"]
[White "Miles,A"]
[Black "Mitkov,N"]
[Result "1/2-1/2"]
[WhiteElo "2584"]
[BlackElo "2532"]

1.Nf3 d5 2.b3 Bg4 3.e3 Nd7 4.Bb2 e6 5.Be2 h6 6.d3 Ngf6 7.Nbd2 Bc5 8.O-O c6
9.e4 O-O 10.Ne5 Bxe2 11.Qxe2 Nxe5 12.Bxe5 dxe4 13.Nxe4 Nxe4 14.Qxe4 Qd5 15.Rae1 Qxe4
16.Rxe4 Rad8 17.Rfe1 Rd7 18.g3 f6 19.Bc3 e5 20.Kg2 Rfd8 21.f4 exf4 22.Rxf4 Kf7
23.g4 Re7 24.Rxe7+ Bxe7 25.Kf3 Rd5 26.Rf5 Rd7 27.Bd2 a6 28.Be3 g6 29.Rf4 Rd5
30.Rd4 Rxd4 31.Bxd4 Ke6 32.Be3 h5 33.gxh5  1/2-1/2

[Event "XIII Carlos Torre Open"]
[Site "Merida MEX"]
[Date "2000.12.20"]
[Round "7"]
[White "Filippov,V"]
[Black "Miles,A"]
[Result "1-0"]
[WhiteElo "2593"]
[BlackElo "2584"]

1.Nf3 d5 2.d4 Nc6 3.c4 Bg4 4.cxd5 Bxf3 5.gxf3 Qxd5 6.e3 e6 7.Nc3 Qh5 8.Bg2 O-O-O
9.f4 Qxd1+ 10.Kxd1 Nce7 11.Ke2 Nf6 12.Bd2 Nf5 13.Rhc1 Kb8 14.b4 h6 15.Nb5 c6
16.Na3 g5 17.Nc4 gxf4 18.b5 fxe3 19.fxe3 Rg8 20.Bf3 cxb5 21.Rab1 Nd5 22.Rxb5 Nd6
23.Nxd6 Bxd6 24.e4 Nc7 25.Rh5 e5 26.dxe5 Ba3 27.Rc2 Ne6 28.Be3 Rc8 29.Rxc8+ Rxc8
30.Rxh6 Bb2 31.Bh5 Rc2+ 32.Kd3 Rxh2 33.Bxf7 Rxh6 34.Bxh6 Nd8 35.e6 Ba3 36.Kc4 Nc6
37.Bf4+ Kc8 38.Be8 Ne7 39.Bd7+ Kd8 40.Be3 Ng6 41.Ba4 a6 42.Bb6+ Kc8 43.Kd5 Kb8
44.Be8 Ne7+ 45.Ke5 Bb2+ 46.Kf4 Bf6 47.Bd7 Bh4 48.Kg4 Bf6 49.Bd8  1-0

[Event "XIII Carlos Torre Open"]
[Site "Merida MEX"]
[Date "2000.12.21"]
[Round "8"]
[White "Miles,A"]
[Black "Hernandez,Gi"]
[Result "1/2-1/2"]
[WhiteElo "2584"]
[BlackElo "2572"]

1.d4 Nf6 2.Nf3 d6 3.Nc3 Nbd7 4.e4 e5 5.Bc4 Be7 6.O-O O-O 7.Re1 c6 8.a4 b6
9.d5 cxd5 10.Nxd5 Nxd5 11.Qxd5 Rb8 12.Qd3 Nc5 13.Qd1 Kh8 14.Bd5 f5 15.exf5 Bxf5
16.Be3 Qe8 17.c3 Qg6 18.b4 Nd3 19.Re2 e4 20.Nd2 Bf6 21.Ra3 Rbe8 22.f3 exf3
23.Nxf3 Be4 24.Bxe4 Qxe4 25.Raa2 Qc4 26.Rad2 Ne5 27.Nxe5 Bxe5  1/2-1/2

[Event "Open"]
[Site "Lenk SUI"]
[Date "2001.04.13"]
[Round "2"]
[White "Miles,A"]
[Black "Hirt,M"]
[Result "1-0"]
[WhiteElo "2562"]
[BlackElo "2206"]

1.Nf3 Nf6 2.d4 b6 3.c4 Bb7 4.Nc3 e6 5.Bg5 Bb4 6.Qb3 Bxc3+ 7.Qxc3 h6 8.Bh4 g5
9.Bg3 Ne4 10.Qc2 d6 11.Nd2 f5 12.e3 Nd7 13.Nxe4 Bxe4 14.Qa4 O-O 15.f3 Bb7
16.O-O-O a6 17.h4 b5 18.Qc2 Nb6 19.hxg5 hxg5 20.c5 Nd5 21.c6 Bxc6 22.e4 Ne7
23.Rh5 Qd7 24.Qd2 fxe4 25.Qxg5+ Kf7 26.Rh7+ Ke8 27.Bh4 Rf7 28.Rh8+  1-0

[Event "Open"]
[Site "Lenk SUI"]
[Date "2001.04.14"]
[Round "4"]
[White "Miles,A"]
[Black "Gerber,R"]
[Result "1-0"]
[WhiteElo "2562"]
[BlackElo "2432"]

1.d4 e6 2.e4 d5 3.Nc3 dxe4 4.Nxe4 Nd7 5.Nf3 Ngf6 6.Bg5 Be7 7.Nxf6+ Bxf6 8.Bxf6 Qxf6
9.Qd2 O-O 10.Qe3 c5 11.O-O-O cxd4 12.Rxd4 Nb6 13.Bb5 Nd5 14.Qe4 a6 15.Bd3 Qh6+
16.Kb1 b5 17.h4 Bb7 18.Qg4 Rad8 19.Ng5 f5 20.Qe2 e5 21.Qxe5 Rde8 22.Qg3 Qb6
23.Nf3 Re4 24.Bxe4 fxe4 25.Rxe4 Nc3+ 26.bxc3 Bxe4 27.Ng5 Bf5 28.Qe5 Qg6 29.Kb2 h6
30.Qd5+ Kh8 31.f3 Bxc2 32.h5 Qf5 33.Qxf5 Bxf5 34.Nh3 Rd8 35.Nf4 Rd2+ 36.Kb3 a5
37.Re1 Kg8 38.Re2 Rxe2 39.Nxe2 Bd3 40.Nd4 Bc4+ 41.Kb2 Kf7 42.a4 bxa4 43.Ka3 Ke7
44.Kxa4 Kd6 45.Nf5+ Ke5 46.g4 Bd3 47.Kxa5  1-0

[Event "Open"]
[Site "Crans Montana SUI"]
[Date "2001.04.20"]
[Round "2"]
[White "Miles,A"]
[Black "Beney,E"]
[Result "1-0"]
[WhiteElo "2562"]
[BlackElo "2101"]

1.d4 Nf6 2.Nf3 d6 3.Nc3 Nbd7 4.e4 e5 5.Bc4 Be7 6.O-O O-O 7.Re1 c6 8.a4 a5
9.h3 Qc7 10.b3 h6 11.Bb2 Nb6 12.Bf1 Be6 13.Qd2 Rfd8 14.Rad1 Nh7 15.Ne2 Ng5
16.Nxg5 Bxg5 17.Qc3 Qe7 18.Ba3 Qc7 19.d5 Bc8 20.Ng3 c5 21.Qf3 Nd7 22.Nf5 Nf8
23.h4 Bf6 24.Nxh6+ Kh7 25.Bc1 Qe7 26.Nf5 Bxf5 27.Qxf5+ g6 28.Qh3 Kg7 29.g3 Nd7
30.Bb5 b6 31.Kg2 Ra7 32.Qg4 Rh8 33.Rh1 Rh5 34.Rh3 Kg8 35.Rdh1 Bg7 36.Qe2 f5
37.exf5 Rxf5 38.Bd3 e4 39.Qxe4 Ne5 40.f4 Nxd3 41.Qxd3 Qf7 42.Rd1 Re7 43.g4 Rxf4
44.Bxf4 Qxf4 45.Qf3 Qe5 46.Rhh1 Rf7 47.Rhe1 Qb2 48.Qe4 Qf6 49.Rf1 Qe7 50.Qe6  1-0

[Event "Open"]
[Site "Crans Montana SUI"]
[Date "2001.04.20"]
[Round "3"]
[White "Joksic,S"]
[Black "Miles,A"]
[Result "0-1"]
[WhiteElo "2287"]
[BlackElo "2562"]

1.d4 d5 2.Nf3 Nf6 3.g3 Bf5 4.Bg2 e6 5.O-O Be7 6.c4 c6 7.Nc3 h6 8.Qb3 Qb6
9.c5 Qa6 10.Re1 b6 11.Bf1 Qb7 12.Ne5 O-O 13.Bg2 Nbd7 14.cxb6 axb6 15.e4 Nxe4
16.Nxe4 Bxe4 17.Bxe4 dxe4 18.Rxe4 Nxe5 19.dxe5 c5 20.Re1 Rfd8 21.Be3 Rd5
22.Bf4 Rad8 23.a4 g5 24.Bc1 Qa6 25.Qf3 Qa5 26.Kf1 c4 27.Qe2 Bb4 28.Be3 Bxe1
29.Rxe1 Rxe5 30.Qxc4 Qa8 31.Kg1 Qf3 32.Qf1 Rd6 33.Qg2 Qxg2+ 34.Kxg2 Re4 35.b3 Rd3
36.Ra1 Rxb3  0-1

[Event "Open"]
[Site "Crans Montana SUI"]
[Date "2001.04.21"]
[Round "5"]
[White "Gerber,R"]
[Black "Miles,A"]
[Result "0-1"]
[WhiteElo "2432"]
[BlackElo "2562"]

1.e4 Nc6 2.d4 e5 3.dxe5 Nxe5 4.Nf3 Bb4+ 5.c3 Nxf3+ 6.Qxf3 Bc5 7.Bc4 Qf6 8.Be3 Qxf3
9.gxf3 Be7 10.Rg1 g6 11.Bd4 Nf6 12.Na3 a6 13.Nc2 d6 14.Ne3 O-O 15.O-O-O Be6
16.Nf5 Bd8 17.Bb3 Re8 18.Ng3 Nd7 19.f4 Kf8 20.f5 Bxb3 21.axb3 Bg5+ 22.Kc2 Ne5
23.Bxe5 dxe5 24.Rd7 Re7 25.Rd5 Bh4 26.b4 c6 27.Rd6 Ree8 28.Rgd1 Red8 29.Rd7 Rab8
30.f3 Ke8 31.Rxd8+ Rxd8 32.Rxd8+ Kxd8 33.Nf1 Bg5 34.Kd3 Bf4 35.h3 Ke7 36.Ne3 Bxe3
37.Kxe3 Kf6 38.fxg6 fxg6 39.Kf2 Kg5 40.Kg3 b6 41.c4 c5 42.b5 axb5 43.cxb5 c4
44.h4+ Kf6 45.f4 h6 46.Kg4 exf4 47.Kxf4 g5+ 48.hxg5+ hxg5+ 49.Kg4 Ke5 50.Kxg5 Kxe4
51.Kf6 Kd5  0-1

[Event "Open"]
[Site "Crans Montana SUI"]
[Date "2001.04.22"]
[Round "6"]
[White "Miles,A"]
[Black "Joksic,S"]
[Result "1/2-1/2"]
[WhiteElo "2562"]
[BlackElo "2287"]

1.d4 Nf6 2.Nf3 g6 3.c4 Bg7 4.Nc3 O-O 5.e4 d6 6.Be2 e5 7.O-O Nc6 8.d5 Ne7
9.Kh1 Nd7 10.g4 Nc5 11.Rg1 a5 12.Be3 Kh8 13.Ne1 f5 14.f3 fxe4 15.fxe4 c6
16.Nd3 cxd5 17.cxd5 b6 18.Nxc5 bxc5 19.Qd2 Rb8 20.Raf1 Bd7 21.Rxf8+ Qxf8
22.Rf1 Qc8 23.h3 Ng8 24.Rf2 Rb4 25.a3 Rb8 26.Bd1 Qb7 27.Ba4 Bxa4 28.Nxa4 Qb3
29.Nc3 Rf8 30.Qd1 Qb7 31.Rxf8 Bxf8 32.Qe2 Qb3 33.Kg2 h6 34.Kg3 Kg7 35.Bc1 Be7
36.h4 Nf6 37.Bxh6+ Kxh6 38.g5+ Kg7 39.gxf6+ Bxf6 40.Kg4 Qb7 41.a4 Qb4 42.h5 Qd4
43.hxg6 Kxg6 44.Qf1 Qe3 45.Qf5+ Kg7 46.Qf3 Qg5+ 47.Kh3 Qh6+ 48.Kg2 Qc1 49.Qf2 Bh4
50.Qe2 Qg5+ 51.Kf1 Qf4+ 52.Kg1 Kh6 53.Nd1 Qg3+ 54.Kf1 Qh3+ 55.Kg1 Qg3+ 56.Kf1 Qh3+
57.Kg1  1/2-1/2

[Event "XXXVI Capablanca Mem Elite"]
[Site "Havana CUB"]
[Date "2001.05.05"]
[Round "1"]
[White "Miles,A"]
[Black "Nogueiras,J"]
[Result "1/2-1/2"]
[WhiteElo "2562"]
[BlackElo "2557"]

1.b3 d5 2.Nf3 Nf6 3.Bb2 e6 4.e3 Be7 5.d4 O-O 6.Bd3 b6 7.O-O Bb7 8.Nbd2 Nbd7
9.Ne5 Ne4 10.Nxd7 Qxd7 11.c4 Nxd2 12.Qxd2 dxc4 13.Bxc4 c5 14.Qe2 Qc6 15.Qg4 Bf6
16.Rfd1 Rfd8 17.Rac1 Qe8 18.Bf1  1/2-1/2

[Event "XXXVI Capablanca Mem Elite"]
[Site "Havana CUB"]
[Date "2001.05.11"]
[Round "6"]
[White "Luther,T"]
[Black "Miles,A"]
[Result "1/2-1/2"]
[WhiteElo "2568"]
[BlackElo "2562"]

1.e4 e5 2.Nf3 Nc6 3.Bb5 Nf6 4.O-O Nxe4 5.d4 Nd6 6.Bxc6 dxc6 7.dxe5 Nf5 8.Qxd8+ Kxd8
9.Nc3 h6 10.h3 Bd7 11.b3 b6 12.Bb2 Kc8 13.Rad1 Ne7 14.Rfe1 Ng6 15.Nd4 Nf4
16.Nce2 Ng6 17.Nc3 Nf4 18.Nce2 Ng6 19.Nc3 Nf4  1/2-1/2

[Event "XXXVI Capablanca Mem Elite"]
[Site "Havana CUB"]
[Date "2001.05.14"]
[Round "8"]
[White "Hauchard,A"]
[Black "Miles,A"]
[Result "1/2-1/2"]
[WhiteElo "2526"]
[BlackElo "2562"]

1.e4 d6 2.d4 Nf6 3.Bd3 e5 4.c3 g6 5.Nf3 Nbd7 6.O-O Bg7 7.Re1 O-O 8.Nbd2 b6
9.Nf1 Bb7 10.Ng3 Re8 11.Bg5 h6 12.Bd2 d5 13.exd5 exd4 14.Rxe8+ Nxe8 15.Nxd4 Bxd5
16.Be2 Ne5  1/2-1/2

[Event "XXXVI Capablanca Mem Elite"]
[Site "Havana CUB"]
[Date "2001.05.16"]
[Round "10"]
[White "Stefansson,H"]
[Black "Miles,A"]
[Result "1-0"]
[WhiteElo "2570"]
[BlackElo "2562"]

1.e4 e5 2.Nf3 Nc6 3.Bb5 Nf6 4.O-O Nxe4 5.d4 Nd6 6.Bxc6 dxc6 7.dxe5 Nf5 8.Qxd8+ Kxd8
9.Nc3 Bd7 10.Rd1 Kc8 11.Ng5 Be8 12.b3 b6 13.Bb2 Bb4 14.Rd3 Bxc3 15.Bxc3 h6
16.Nh3 c5 17.Rad1 Bb5 18.R3d2 Re8 19.Nf4 Bc6 20.Nh5 Kb7 21.f3 g6 22.Nf6 Re6
23.Kf2 g5 24.g3 a5 25.Rd8 Rc8 26.Bb2 a4 27.c4 Ne7 28.Rxc8 Kxc8 29.f4 gxf4
30.gxf4 Nf5 31.Rg1 Kb7 32.Rg8 axb3 33.axb3 b5 34.Rf8 Re7 35.cxb5 Bxb5 36.Ba3 Kc6
37.Rd8 Re6 38.Rd5 Kb7 39.Rxc5 Bc6 40.Rc3 Bh1 41.Kg1 Ra6 42.Kxh1 Rxa3 43.Kg2 Ra2+
44.Kh3 Nd4 45.Ne8 Nb5 46.Rd3 Kc6 47.Nf6 Rb2 48.Ng8 Kc5 49.Nxh6 Nd4 50.Nxf7 Kd5
51.Ng5 c5 52.e6 Re2 53.Kg3 c4 54.bxc4+ Kxc4 55.Rd1 Kc5 56.h4 Nf5+ 57.Kg4 Nh6+
58.Kf3  1-0

[Event "2nd IECC"]
[Site "Ohrid MKD"]
[Date "2001.06.01"]
[Round "1"]
[White "Arlandi,E"]
[Black "Miles,A"]
[Result "1-0"]
[WhiteElo "2423"]
[BlackElo "2562"]

1.d4 d5 2.c4 dxc4 3.Nf3 Nf6 4.e3 Bg4 5.Bxc4 e6 6.O-O Nbd7 7.h3 Bh5 8.Nc3 Bb4
9.Be2 O-O 10.Qb3 c5 11.Rd1 Qa5 12.a3 Bxc3 13.bxc3 Ne4 14.Bb2 Qb6 15.Qxb6 Nxb6
16.Bd3 Nf6 17.a4 cxd4 18.cxd4 Rfc8 19.Rdc1 Bg6 20.Bxg6 hxg6 21.Ne5 Rxc1+
22.Bxc1 Rc8 23.Bd2 Rc2 24.Be1 Nc4 25.Nxc4 Rxc4 26.a5 Ne8 27.Rb1 Nd6 28.Kf1 Rc2
29.h4 f6 30.Rb3 Kf7 31.f3 Ke8 32.e4 a6 33.Rb6 Kd7 34.e5 Nc4 35.Rxb7+ Kc6
36.Rxg7 Ne3+ 37.Kg1 Rxg2+ 38.Kh1 fxe5 39.dxe5 Kd5 40.Bc3 Rc2 41.Rd7+ Kc6
42.Rd6+ Kb5 43.Rb6+ Ka4 44.Rxa6 Rxc3 45.Rxe6 Rc1+ 46.Kh2 Rc2+ 47.Kh3 Nd5
48.Rd6 Ne7 49.a6 Kb5 50.a7 Ra2 51.Rd7 Nf5 52.e6 Kc6 53.Kg4 Ra5 54.Kg5 Nd4+
55.Kf6 Nf5 56.Rh7 Nd6 57.Kxg6 Ra3 58.h5 Kd5 59.e7 Ra6 60.Rh8 Ne4+ 61.Kf5 Nd6+
62.Kg4 Rxa7 63.e8=Q Nxe8 64.Rxe8 Rg7+ 65.Kh4 Rg1 66.f4 Kd6 67.h6 Kd7 68.Re5 Rh1+
69.Kg5 Rg1+ 70.Kf6  1-0

[Event "2nd IECC"]
[Site "Ohrid MKD"]
[Date "2001.06.02"]
[Round "2"]
[White "Miles,A"]
[Black "Roeder,M"]
[Result "1-0"]
[WhiteElo "2562"]
[BlackElo "2459"]

1.b3 d5 2.Nf3 Bg4 3.e3 e6 4.Bb2 Nd7 5.d3 Ngf6 6.Nbd2 Bc5 7.h3 Bxf3 8.Nxf3 c6
9.Be2 Ba3 10.Qc1 Qa5+ 11.Nd2 Bxb2 12.Qxb2 O-O 13.c4 Qb6 14.O-O e5 15.cxd5 cxd5
16.Nf3 Qd6 17.Rac1 Rfc8 18.Rxc8+ Rxc8 19.Rc1 Rc6 20.d4 e4 21.Ne5 Rc7 22.Rxc7 Qxc7
23.Qa3 Nxe5 24.dxe5 Qxe5 25.Qxa7 h5 26.Qxb7 Qa1+ 27.Bf1 Qxa2 28.b4 d4 29.exd4 Qd2
30.b5 Qxd4 31.b6 e3 32.Qc8+ Kh7 33.b7 exf2+ 34.Kh1 Nd7 35.Qxd7 Qxd7 36.b8=Q Qd1
37.Qb5 g6 38.Qc4 f5 39.Qc7+ Kh6 40.Qf4+ g5 41.Qxf2 f4 42.h4 Qg4 43.Qb6+ Kg7
44.Qc7+ Kf6 45.Qd6+ Kg7 46.Qe7+  1-0

[Event "2nd IECC"]
[Site "Ohrid MKD"]
[Date "2001.06.05"]
[Round "5"]
[White "Cao,S"]
[Black "Miles,A"]
[Result "1/2-1/2"]
[WhiteElo "2488"]
[BlackElo "2562"]

1.e4 Nf6 2.e5 Nd5 3.d4 d6 4.Nf3 dxe5 5.Nxe5 c6 6.Bc4 Nd7 7.Nxd7 Bxd7 8.O-O Bf5
9.Bd3 Bxd3 10.Qxd3 e6 11.c4 Nf6 12.Nd2 Be7 13.Nf3 O-O 14.Bd2 Qc7 15.Rfe1 Rad8
16.Qe2 Rfe8 17.Bc3  1/2-1/2

[Event "2nd IECC"]
[Site "Ohrid MKD"]
[Date "2001.06.06"]
[Round "6"]
[White "Miles,A"]
[Black "Minasian,Ara"]
[Result "1-0"]
[WhiteElo "2562"]
[BlackElo "2478"]

1.d4 d5 2.Bf4 c5 3.e3 Nc6 4.c3 Qb6 5.Qb3 c4 6.Qc2 Bf5 7.Qxf5 Qxb2 8.Qxd5 Qc1+
9.Ke2 Qb2+ 10.Kf3 Nf6 11.Qxc4 Qxa1 12.Qb3 O-O-O 13.Bb5 Na5 14.Qc2 a6 15.Bd3 e5
16.Bxe5 Nd7 17.Bf4 Be7 18.Nh3 g5 19.Nxg5  1-0

[Event "2nd IECC"]
[Site "Ohrid MKD"]
[Date "2001.06.09"]
[Round "8"]
[White "Miles,A"]
[Black "Bologan,V"]
[Result "0-1"]
[WhiteElo "2562"]
[BlackElo "2676"]

1.d4 Nf6 2.Nf3 e6 3.Bf4 c5 4.e3 Qb6 5.Nc3 d5 6.Nb5 Na6 7.a4 Be7 8.h3 O-O
9.Be2 Bd7 10.O-O Bxb5 11.axb5 Nc7 12.dxc5 Bxc5 13.Qd3 Rfd8 14.Ra4 Bd6 15.Bxd6 Rxd6
16.Rfa1 Ne4 17.Ra5 a6 18.Nd2 Nxd2 19.Qxd2 Rb8 20.bxa6 Nxa6 21.b3 Nc7 22.Qc1 Rc6
23.c4 Na6 24.Qa3 dxc4 25.Bxc4 h6 26.Be2 Rc3 27.Rb5 Qc7 28.Bc4 Rc2 29.Qa5 Qxa5
30.Raxa5 Nc7 31.Rb6 Na8 32.Rd6 Kf8 33.e4 Ke7 34.e5 Nc7 35.Ra7 Rc1+ 36.Kh2 Re1
37.f4 g5 38.g3 Re4 39.Rb6 gxf4 40.gxf4 Rxf4 41.Rbxb7 Rxb7 42.Rxb7 Kd7 43.Rb8 Re4
44.Rh8 Rxe5 45.Rxh6 Nd5 46.Rh4 Ne3 47.Rd4+ Ke7 48.Ba6 Rc5 49.Re4 Rc2+ 50.Kg1 Nf5
51.b4 Rb2 52.Rc4 Nd6 53.Rh4 e5 54.Bf1 Nf5 55.Rc4 Kd6 56.b5 Nd4 57.Rc3 e4
58.Ra3 Nf3+ 59.Rxf3 exf3 60.h4 Ke5  0-1

[Event "2nd IECC"]
[Site "Ohrid MKD"]
[Date "2001.06.12"]
[Round "11"]
[White "Jaracz,P"]
[Black "Miles,A"]
[Result "0-1"]
[WhiteElo "2484"]
[BlackElo "2562"]

1.e4 d6 2.Nc3 Nf6 3.f4 d5 4.e5 d4 5.Nce2 Nd5 6.d3 c5 7.Nf3 Nc6 8.g3 f5 9.Bg2 e6
10.c3 dxc3 11.bxc3 Be7 12.a3 O-O 13.O-O Qd7 14.Qc2 Rd8 15.Rd1 Qc7 16.c4 Nb6
17.Be3 Bd7 18.h3 Bf8 19.Nc3 a6 20.Kh2 Rab8 21.g4 Ne7 22.Rab1 Nbc8 23.Qf2 b6
24.d4 cxd4 25.Nxd4 fxg4 26.hxg4 Re8 27.Be4 Ng6 28.Bxg6 hxg6 29.Ne4 Be7 30.Kg3 Qb7
31.Qg2 Na7 32.c5 Bxc5 33.Qc2 Ba4 34.Nxc5 Bxc2 35.Nxb7 Bxb1 36.Nd6 Ba2 37.Nxe8 Rxe8
38.Nf3 Nc6 39.Rd7 Bd5 40.Nh4 g5 41.fxg5 Nxe5 42.Ra7 Nc4 43.Bd4 e5 44.Bc3 Nd6
45.Nf5 Ne4+ 46.Kh4 Nxc3 47.Rxg7+ Kf8 48.g6 Be6 49.Rh7 Ne4 50.Rc7 Bxf5 51.gxf5 Kg8
52.Rc6 Rf8 53.Kg4 Nf6+ 54.Kg5 e4 55.Rxb6 e3 56.Rb1 e2 57.Re1 Ne4+ 58.Kf4 Nc3
59.Rc1 Nd1  0-1

[Event "2nd IECC"]
[Site "Ohrid MKD"]
[Date "2001.06.14"]
[Round "13"]
[White "Short,N"]
[Black "Miles,A"]
[Result "1-0"]
[WhiteElo "2676"]
[BlackElo "2562"]

1.e4 Nf6 2.e5 Nd5 3.d4 d6 4.Nf3 dxe5 5.Nxe5 c6 6.c4 Nc7 7.Nc3 Nd7 8.Nxd7 Bxd7
9.Be3 Bf5 10.g4 Bc8 11.Be2 e6 12.Qc2 b5 13.Bf3 bxc4 14.Bxc6+ Bd7 15.Qa4 Rc8
16.Qxc4 Nd5 17.Bxd7+ Qxd7 18.Qd3 Bb4 19.Bd2 O-O 20.O-O Bxc3 21.bxc3 Qa4 22.f4 f5
23.gxf5 exf5 24.Rf3 Qc4 25.a4 Qxd3 26.Rxd3 Rc4 27.a5 Rb8 28.Re1 Nf6 29.d5 Ne4
30.Be3 Rb7 31.a6 Rd7 32.Rb1 Nd6 33.Rb4 Rc8 34.Bd4 Kf7 35.Rd1 Ke8 36.Re1+ Kd8
37.Re6 Ne8 38.c4 Nd6 39.Bxa7 Nxc4 40.Rxc4 Rxa7 41.Rxc8+ Kxc8 42.Kf2 Kd7 43.Ke3 Ra8
44.Kd4 Rb8 45.Kc5 Rb2 46.a7 Ra2 47.Kb6  1-0

[Event "Canadian Open"]
[Site "Sackville CAN"]
[Date "2001.07.09"]
[Round "4"]
[White "Fischdick,G"]
[Black "Miles,A"]
[Result "0-1"]
[WhiteElo "2208"]
[BlackElo "2565"]

1.d4 Nf6 2.c4 c5 3.d5 e5 4.Nc3 d6 5.e4 Be7 6.Be2 O-O 7.Nf3 Na6 8.h3 Nc7 9.Be3 a6
10.a4 Nce8 11.Bd3 g6 12.Qd2 Ng7 13.g4 h5 14.g5 Nh7 15.Be2 Bd7 16.h4 f6 17.gxf6 Rxf6
18.Rg1 Be8 19.Ng5 Nxg5 20.Bxg5 Rf8 21.Qd3 Bxg5 22.Rxg5 Qf6 23.Qg3 Kh7 24.Kf1 Qf4
25.Kg2 Qxg3+ 26.fxg3 Bd7 27.a5 Rf7 28.Rb1 Raf8 29.b4 cxb4 30.Rxb4 Bg4 31.Rb2 Rf2+
32.Kg1 Bxe2 33.Rxe2 Rxe2 34.Nxe2 Rc8  0-1

[Event "Canadian Open"]
[Site "Sackville CAN"]
[Date "2001.07.10"]
[Round "5"]
[White "Miles,A"]
[Black "Ochkoos,J"]
[Result "1/2-1/2"]
[WhiteElo "2565"]
[BlackElo "2285"]

1.d4 d5 2.Bf4 c6 3.e3 Qb6 4.Qc1 Bf5 5.Nf3 Nf6 6.Nbd2 e6 7.Be2 c5 8.c3 Nc6
9.O-O Be7 10.dxc5 Bxc5 11.Nb3 Be7 12.Nbd4 Bg4 13.Nxc6 bxc6 14.h3 Bxf3 15.Bxf3 O-O
16.Qc2 Rfd8 17.Rfd1 Bd6 18.Bxd6 Rxd6 19.c4 Rdd8 20.Rac1 Rab8 21.b3 h6 22.Qc3 Qa6
23.Rc2 Qa3 24.cxd5 cxd5 25.Qc5 Qxc5 26.Rxc5 Rbc8 27.Rdc1 Rxc5 28.Rxc5 Kf8
29.Kf1 Ke7 30.Ke2 Rd7 31.Kd3 Rb7 32.Ra5 Kd6 33.e4 Ke5 34.exd5 exd5 35.g3 g5
36.Bg2 Rd7 37.b4 h5 38.Rc5 h4 39.Bf3 Nh7 40.Rc8 Re7 41.Rc1 Rb7 42.a3 Nf6
43.Rc5 Rb6 44.Ra5 Rb7 45.gxh4 gxh4 46.Ke3 Rd7 47.Be2 Re7 48.f4+ Kf5+ 49.Kf3 Kg6
50.Bd3+ Kg7 51.Rc5 Re1 52.Ra5 Rg1 53.Bf5 Rg3+ 54.Kf2 Nh5 55.Rxa7 Nxf4 56.b5 Kf6
57.Bc8  1/2-1/2